|
|
|
|
| LEADER |
00000nab a2200000 a 4500 |
| 001 |
vtls000525182 |
| 003 |
SK-MaSNL |
| 005 |
20260303010414.0 |
| 008 |
160216c1994 xo 0 slo |
| 015 |
|
|
|a SNBRB19rr/mm-uuuuu
|
| 035 |
|
|
|a CL0525320
|
| 040 |
|
|
|a SNKBUCL
|b slo
|c SNKBUCL
|e AACR2
|
| 041 |
0 |
|
|a slo
|
| 044 |
|
|
|a xo
|c SK
|
| 080 |
|
|
|a 82:929:885.4
|2 1981
|
| 080 |
|
|
|a 885.4
|2 1981
|
| 080 |
|
|
|a 784.66
|2 1981
|
| 080 |
|
|
|a 929 Peteraj, Kamil
|2 1981
|
| 100 |
1 |
|
|a Peteraj, Kamil,
|d 1945-
|4 aut
|9 198049
|
| 245 |
1 |
0 |
|a Vždy som rád jazdil na divých koňoch
|b Básnik, textár a riaditeľ reklamnej agentúry GGK - Kamil Peteraj hovorí
|c Kamil Peteraj, Vlado Brožík
|
| 300 |
|
|
|b Obr. 4
|
| 600 |
1 |
7 |
|a Peteraj, Kamil,
|d 1945-
|x rozhovory
|2 snkbucl
|9 960557
|
| 655 |
|
7 |
|a články z novín a časopisov
|2 snkbucl
|9 267496
|
| 655 |
|
7 |
|a články z odboru literárna veda a krásna literatúra
|2 snkbucl
|9 770045
|
| 700 |
1 |
|
|a Brožík, Vlado
|4 aut
|9 892078
|
| 773 |
0 |
|
|t Smena na nedeľu
|g Roč. 28, č. 34 (25. 8. 1994), s. 8
|
| 850 |
|
|
|a Slovenská národná knižnica v Martine
|a MTA001
|
| 852 |
|
|
|a SNK
|b KIS3GCP
|
| 958 |
|
|
|a BX
|
| 958 |
|
|
|a RK
|
| 958 |
|
|
|a LX
|
| 992 |
|
|
|a RBX
|
| 999 |
|
|
|c 1586949
|d 1588879
|